[Event "TUR Cup"]
[Site "Antalya"]
[Date "2020.01.30"]
[Round "7"]
[White "Hatipli, Mehmet"]
[Black "Hatipoglu, Metin"]
[Result "1/2-1/2"]
[WhiteElo "1873"]
[BlackElo "1570"]
[PlyCount "23"]
[EventDate "2020.01.26"]
[EventType "swiss"]
[EventRounds "11"]
[EventCountry "TUR"]
[SourceTitle "CBM 194 Extra"]
[Source "ChessBase"]
[SourceDate "2020.03.31"]
[SourceVersion "1"]
[SourceVersionDate "2020.03.31"]
[SourceQuality "1"]

1. e4 e5 2. Nf3 Nc6 3. Bc4 Bc5 4. 0-0 Nf6 5. d3 d6 6. c3 0-0 7. Bg5 a6 8. a4 h6 9. Bh4 Qe7 10. Nbd2 Be6 11. Re1 Bxc4 12. Nxc4 1/2-1/2

[Event "TUR Cup"]
[Site "Antalya"]
[Date "2020.01.29"]
[Round "5"]
[White "Hatipli, Mehmet"]
[Black "Akin, Bora Zubeyr"]
[Result "1-0"]
[WhiteElo "1873"]
[BlackElo "1476"]
[PlyCount "71"]
[EventDate "2020.01.26"]
[EventType "swiss"]
[EventRounds "11"]
[EventCountry "TUR"]
[SourceTitle "CBM 194 Extra"]
[Source "ChessBase"]
[SourceDate "2020.03.31"]
[SourceVersion "1"]
[SourceVersionDate "2020.03.31"]
[SourceQuality "1"]

1. e4 e6 2. d4 d5 3. Nd2 c5 4. Ngf3 cxd4 5. exd5 Nf6 6. Bb5+ Bd7 7. Bxd7+ Qxd7 8. dxe6 Qxe6+ 9. Qe2 Nc6 10. Qxe6+ fxe6 11. 0-0 0-0-0 12. Ng5 Re8 13. Re1 Bb4 14. a3 Bxd2 15. Bxd2 Kd7 16. Bf4 e5 17. Bg3 e4 18. Nf7 Rhf8 19. Nd6 b6 20. Nxe8 Rxe8 21. Rad1 Nh5 22. Re2 Nxg3 23. hxg3 Re5 24. Rde1 Rc5 25. Rxe4 Rxc2 26. R4e2 Rc5 27. Rd2 Rd5 28. f4 h5 29. Kf2 g5 30. Kf3 Rb5 31. Rh1 g4+ 32. Ke4 Ke6 33. Rc1 Kd6 34. Rdc2 Na5 35. b4 Nb7 36. Rc6+ 1-0

[Event "TUR Cup"]
[Site "Antalya"]
[Date "2019.01.29"]
[Round "4"]
[White "Baspinar, Mehmet"]
[Black "Hatipli, Mehmet"]
[Result "0-1"]
[WhiteElo "1558"]
[BlackElo "1888"]
[PlyCount "104"]
[EventDate "2019.01.27"]
[EventType "swiss"]
[EventRounds "11"]
[EventCountry "TUR"]
[SourceTitle "CBM 188 Extra"]
[Source "ChessBase"]
[SourceDate "2019.02.26"]
[SourceVersion "1"]
[SourceVersionDate "2019.02.26"]
[SourceQuality "1"]

1. d4 d5 2. Nf3 Nf6 3. Bf4 g6 4. e3 Bg7 5. c4 0-0 6. Nc3 c5 7. Be2 cxd4 8. exd4 Nc6 9. 0-0 Bf5 10. c5 Ne4 11. Ne5 Nxe5 12. dxe5 Nxc3 13. bxc3 Rc8 14. Qd4 Qd7 15. Rfd1 Rfd8 16. Bf3 Be6 17. Rac1 Qc7 18. Rb1 Rd7 19. Rb3 Qxc5 20. Be3 b6 21. Qf4 Qc7 22. Bd4 f6 23. Re1 fxe5 24. Bxe5 Bxe5 25. Qxe5 Qxe5 26. Rxe5 Kf7 27. Kf1 Kf6 28. Rxe6+ Kxe6 29. Bg4+ Kd6 30. Bxd7 Kxd7 31. Ke2 Kd6 32. Kd3 Rc4 33. Rb2 e5 34. Re2 b5 35. Rb2 e4+ 36. Kd2 Kc5 37. Rb3 a5 38. a3 Ra4 39. Kc2 Kc4 40. h4 h6 41. g4 Kc5 42. Kd1 h5 43. g5 e3 44. c4 exf2 45. Rf3 Rxa3 46. Rxf2 Ra1+ 47. Kc2 Ra2+ 48. Kb3 Rxf2 49. Kc3 Rf3+ 50. Kb2 Kxc4 51. Ka2 Kb4 52. Kb1 Kc3 0-1

[Event "TUR-chT2"]
[Site "Konya"]
[Date "2018.07.14"]
[Round "8.12"]
[White "Mataraci, Omer Baransel"]
[Black "Hatipli, Mehmet"]
[Result "1/2-1/2"]
[WhiteElo "1731"]
[BlackElo "1870"]
[PlyCount "66"]
[EventDate "2018.07.10"]
[EventType "team-swiss"]
[EventRounds "9"]
[EventCountry "TUR"]
[SourceTitle "EXT 2019"]
[Source "ChessBase"]
[SourceDate "2018.10.10"]
[SourceVersion "1"]
[SourceVersionDate "2018.10.10"]
[SourceQuality "1"]
[WhiteTeam "Elazig Genclik"]
[BlackTeam "Burhaniye"]
[WhiteTeamCountry "TUR"]
[BlackTeamCountry "TUR"]

1. d4 d5 2. Nf3 Nf6 3. c4 c6 4. Nc3 dxc4 5. a4 Bf5 6. e3 e6 7. Bxc4 Bb4 8. 0-0 Nbd7 9. Qb3 a5 10. Bd2 0-0 11. Nh4 Ne4 12. Nxe4 Bxe4 13. Bxb4 axb4 14. g3 g5 15. Ng2 Qe7 16. f3 Bd5 17. Bxd5 cxd5 18. e4 Nb6 19. Ne3 Rfc8 20. exd5 Nxd5 21. Nxd5 exd5 22. Rfe1 Qf6 23. Re5 Rd8 24. Qxb4 h6 25. Qe7 Qb6 26. Re2 Re8 27. Qc5 Qb3 28. Rxe8+ Rxe8 29. Qc3 Re3 30. Qxb3 Rxb3 31. Rc1 Rxb2 32. Rc5 Rb4 33. Rxd5 Rxa4 1/2-1/2

[Event "TUR Cup										"]
[Site "Antalya"]
[Date "2018.02.01"]
[Round "8"]
[White "Hatipli, Mehmet"]
[Black "Toren, Kadir"]
[Result "1-0"]
[WhiteElo "1871"]
[BlackElo "1660"]
[PlyCount "40"]
[EventDate "2018.01.27"]
[EventType "swiss"]
[EventRounds "11"]
[EventCountry "TUR"]
[SourceTitle "CBM 182 Extra"]
[Source "ChessBase"]
[SourceDate "2018.02.23"]
[SourceVersion "1"]
[SourceVersionDate "2018.02.23"]
[SourceQuality "1"]

1. e4 e5 2. Nf3 Nc6 3. Bb5 d6 4. d4 exd4 5. Nxd4 Bd7 6. Bxc6 bxc6 7. Qf3 Qf6 8. Qd3 Ne7 9. 0-0 g6 10. Bd2 Bg7 11. Bc3 Qh4 12. Nf3 Qh6 13. e5 Bf5 14. Qe2 Be6 15. exd6 cxd6 16. Rd1 d5 17. Nd4 Bxd4 18. Bxd4 0-0 19. Qe5 f6 20. Qxe6+ Rf7 1-0

[Event "TUR-chT2"]
[Site "Konya"]
[Date "2017.07.15"]
[Round "9.12"]
[White "Uysal, Burak"]
[Black "Hatipli, Mehmet"]
[Result "0-1"]
[WhiteElo "2150"]
[BlackElo "1871"]
[PlyCount "144"]
[EventDate "2017.07.09"]
[EventType "team-swiss"]
[EventRounds "9"]
[EventCountry "TUR"]
[SourceTitle "CBM 179 Extra"]
[Source "ChessBase"]
[SourceDate "2017.08.23"]
[SourceVersion "1"]
[SourceVersionDate "2017.08.23"]
[SourceQuality "1"]
[WhiteTeam "Duzcespor"]
[BlackTeam "Burhaniye"]
[WhiteTeamCountry "TUR"]
[BlackTeamCountry "TUR"]

1. e4 c6 2. d4 d5 3. e5 Bf5 4. h4 h5 5. Bd3 Bxd3 6. Qxd3 e6 7. Bg5 Be7 8. Nf3 Nh6 9. Nc3 Nf5 10. Ne2 Nd7 11. 0-0 Nxh4 12. Bxh4 Bxh4 13. b3 Be7 14. c4 Nf8 15. Rac1 Ng6 16. Rc2 h4 17. cxd5 Qxd5 18. Nc3 Qd7 19. Qe3 Rd8 20. Ne4 Kf8 21. Rd2 Bb4 22. Nc5 Qc8 23. Rc2 Ne7 24. Qg5 Bxc5 25. Rxc5 Nf5 26. Qg4 Qd7 27. Rd1 Rh6 28. Kh1 Rg6 29. Qe4 Qe7 30. Rc2 Rd5 31. Rcd2 Qd8 32. Qf4 Ke7 33. Ng5 Qh8 34. Ne4 Qh5 35. Nc3 Rd7 36. b4 Rg4 37. Qf3 Qg5 38. Ne2 a6 39. a4 Rd5 40. b5 Kf8 41. bxc6 bxc6 42. Rd3 g6 43. Kh2 Kg7 44. Kh3 Nh6 45. Nc3 Rf4 46. Qe2 Qf5+ 47. Kh2 Rxf2 48. Qe4 Qxe4 49. Nxe4 Rf4 50. Nf6 Ng4+ 51. Nxg4 Rxg4 52. Kg1 c5 53. dxc5 Rxc5 54. Rd4 Rxd4 55. Rxd4 g5 56. Re4 Kg6 57. Re1 Rc4 58. Ra1 Kf5 59. Kf2 Kxe5 60. a5 Kf4 61. Ra3 g4 62. Kf1 f5 63. Kf2 e5 64. Kf1 e4 65. Kf2 Rc2+ 66. Kf1 Rd2 67. Kg1 Rd3 68. Ra1 e3 69. Kf1 h3 70. gxh3 gxh3 71. Kg1 Kg3 72. Re1 e2 0-1

[Event "TUR-chT2"]
[Site "Konya"]
[Date "2017.07.13"]
[Round "7.4"]
[White "Yapar, Nedim"]
[Black "Hatipli, Mehmet"]
[Result "1-0"]
[WhiteElo "2146"]
[BlackElo "1871"]
[PlyCount "121"]
[EventDate "2017.07.09"]
[EventType "team-swiss"]
[EventRounds "9"]
[EventCountry "TUR"]
[SourceTitle "CBM 179 Extra"]
[Source "ChessBase"]
[SourceDate "2017.08.23"]
[SourceVersion "1"]
[SourceVersionDate "2017.08.23"]
[SourceQuality "1"]
[WhiteTeam "Cendosk Cendere Doga"]
[BlackTeam "Burhaniye"]
[WhiteTeamCountry "TUR"]
[BlackTeamCountry "TUR"]

1. e4 c6 2. d4 d5 3. e5 Bf5 4. Nf3 e6 5. Be2 c5 6. Be3 Qb6 7. Nc3 Nc6 8. 0-0 cxd4 9. Nxd4 Qxb2 10. Ncb5 Rc8 11. Nxf5 exf5 12. Qxd5 Qxe5 13. Qf3 Bd6 14. Nxd6+ Qxd6 15. Qxf5 Nge7 16. Qh5 0-0 17. Bd3 g6 18. Qh6 Qf6 19. Rab1 b6 20. Rb5 Qg7 21. Qh4 Rfe8 22. Bg5 Qd4 23. Qh6 Qg7 24. Qh3 h5 25. Rb3 Qe5 26. Rb5 Qg7 27. Bc1 Rcd8 28. Bb2 f6 29. Qe6+ Qf7 30. Qxf6 Qxf6 31. Bxf6 Kf7 32. Bb2 Nd4 33. Re5 Nef5 34. Rfe1 Rxe5 35. Rxe5 Rc8 36. c3 Nc6 37. Bc4+ Kf6 38. Re6+ Kg7 39. Ba6 Rd8 40. Rxc6 Rd2 41. Rc7+ Kh8 42. Rxa7 Rxb2 43. Bf1 Rc2 44. Rb7 Rxc3 45. Rxb6 Kg7 46. a4 Ra3 47. Rb4 Ra1 48. g3 Ne7 49. Kg2 Nd5 50. Rd4 Nc3 51. Bb5 Kf6 52. Rd6+ Kg7 53. h4 Ra2 54. Bd3 Rxa4 55. Bxg6 Ra2 56. Rc6 Nd1 57. Rc2 Rxc2 58. Bxc2 Nc3 59. Kf3 Kf6 60. Ke3 Nd5+ 61. Ke4 1-0

[Event "TUR-chT2"]
[Site "Konya"]
[Date "2017.07.11"]
[Round "4.13"]
[White "Hatipli, Mehmet"]
[Black "Ergin, Faruk Esat"]
[Result "0-1"]
[WhiteElo "1871"]
[BlackElo "1818"]
[PlyCount "58"]
[EventDate "2017.07.09"]
[EventType "team-swiss"]
[EventRounds "9"]
[EventCountry "TUR"]
[SourceTitle "CBM 179 Extra"]
[Source "ChessBase"]
[SourceDate "2017.08.23"]
[SourceVersion "1"]
[SourceVersionDate "2017.08.23"]
[SourceQuality "1"]
[WhiteTeam "Burhaniye"]
[BlackTeam "Canakkale 1915"]
[WhiteTeamCountry "TUR"]
[BlackTeamCountry "TUR"]

1. e4 e5 2. Nf3 Nc6 3. Bb5 a6 4. Bxc6 dxc6 5. Nc3 Bd6 6. d4 exd4 7. Nxd4 Ne7 8. Be3 0-0 9. 0-0 c5 10. Nde2 Ng6 11. f4 b5 12. e5 Be7 13. Qd5 Bf5 14. Ng3 Bxc2 15. f5 Nh4 16. Qc6 Bd3 17. f6 gxf6 18. exf6 Qd6 19. Nd5 Bd8 20. Qxa8 c6 21. Nc3 Bxf6 22. Nge4 Bd4 23. Nxd6 Bxe3+ 24. Kh1 Rxa8 25. Rxf7 Rd8 26. Re7 Bd4 27. Rd1 Bc2 28. Rd2 Rxd6 29. Rxc2 Bxc3 0-1

[Event "TUR Cup"]
[Site "Antalya"]
[Date "2017.02.04"]
[Round "11"]
[White "Ilter, Kerem"]
[Black "Hatipli, Mehmet"]
[Result "0-1"]
[WhiteElo "1664"]
[BlackElo "1802"]
[PlyCount "56"]
[EventDate "2017.01.28"]
[EventType "swiss"]
[EventRounds "11"]
[EventCountry "TUR"]
[SourceTitle "EXT 2018"]
[Source "ChessBase"]
[SourceDate "2017.10.13"]
[SourceVersion "1"]
[SourceVersionDate "2017.10.13"]
[SourceQuality "1"]

1. d4 Nf6 2. Nf3 g6 3. Nbd2 d5 4. e3 Bg7 5. b4 0-0 6. Bb2 Bf5 7. c4 c6 8. Be2 a5 9. b5 a4 10. Ba3 dxc4 11. Bxc4 cxb5 12. Bxb5 Qa5 13. Be2 Nc6 14. 0-0 Rfc8 15. Nc4 Qd8 16. Nce5 Ne4 17. Nxc6 Rxc6 18. Bd3 Nc3 19. Qd2 Bxd3 20. Qxd3 e5 21. Qd2 exd4 22. exd4 Bxd4 23. Nxd4 Qxd4 24. Qxd4 Ne2+ 25. Kh1 Nxd4 26. Be7 Re8 27. Bg5 Kg7 28. g3 h6 0-1

[Event "TUR Cup"]
[Site "Antalya"]
[Date "2017.02.02"]
[Round "8"]
[White "Hatipli, Mehmet"]
[Black "Rzayev, Askar Aliakbar"]
[Result "0-1"]
[WhiteElo "1802"]
[BlackElo "2074"]
[PlyCount "117"]
[EventDate "2017.01.28"]
[EventType "swiss"]
[EventRounds "11"]
[EventCountry "TUR"]
[SourceTitle "CBM 176 Extra"]
[Source "ChessBase"]
[SourceDate "2017.03.02"]
[SourceVersion "1"]
[SourceVersionDate "2017.03.02"]
[SourceQuality "1"]

1. Nf3 d5 2. g3 Nc6 3. d4 Bg4 4. Nbd2 Qd7 5. Bg2 Bh3 6. 0-0 h5 7. c4 Bxg2 8. Kxg2 h4 9. cxd5 Qxd5 10. Qb3 Qxb3 11. Nxb3 hxg3 12. hxg3 e6 13. Bd2 Nf6 14. Rh1 Rxh1 15. Rxh1 Ne4 16. Rh4 Nxd2 17. Nbxd2 f6 18. a3 Kf7 19. e3 a5 20. Rh5 a4 21. Ne1 e5 22. d5 Rd8 23. e4 Nd4 24. f4 Bd6 25. Nd3 exf4 26. gxf4 Bf8 27. Nb1 Nb5 28. Kf2 Kg6 29. Rh3 c6 30. f5+ Kf7 31. Nf4 cxd5 32. Nxd5 Nd6 33. Ndc3 b5 34. Kf3 Rb8 35. Rh2 Nc4 36. Nd5 Ne5+ 37. Ke2 b4 38. axb4 Bxb4 39. Nxb4 Rxb4 40. Kd1 Rxe4 41. Nc3 Rf4 42. Rd2 Rxf5 43. Nxa4 g5 44. Nc3 Rf4 45. Nd5 Rf3 46. b4 Nc4 47. Rd4 Na3 48. Nc7 Rb3 49. Ke2 Nc2 50. Rd7+ Kg6 51. Nd5 Nxb4 52. Rb7 Nc2 53. Rxb3 Nd4+ 54. Ke3 Nxb3 55. Ne7+ Kf7 56. Nf5 Ke6 57. Ng3 f5 58. Ne2 Ke5 59. Ng1 0-1

[Event "TUR Cup"]
[Site "Antalya"]
[Date "2017.01.29"]
[Round "2"]
[White "Ozenir, Ekin Baris"]
[Black "Hatipli, Mehmet"]
[Result "0-1"]
[WhiteElo "2154"]
[BlackElo "1802"]
[PlyCount "60"]
[EventDate "2017.01.28"]
[EventType "swiss"]
[EventRounds "11"]
[EventCountry "TUR"]
[SourceTitle "CBM 176 Extra"]
[Source "ChessBase"]
[SourceDate "2017.03.02"]
[SourceVersion "1"]
[SourceVersionDate "2017.03.02"]
[SourceQuality "1"]

1. d4 d5 2. c4 c6 3. Nf3 Nf6 4. Nc3 dxc4 5. e3 b5 6. a4 Nd5 7. axb5 Nxc3 8. bxc3 cxb5 9. Ne5 Bb7 10. Rb1 a6 11. Bxc4 Bd5 12. Bxd5 Qxd5 13. 0-0 Nc6 14. c4 Qe4 15. Nxc6 Qxc6 16. cxb5 axb5 17. Bd2 e6 18. Qg4 h5 19. Qg5 g6 20. Rfc1 Qd7 21. Qe5 Rg8 22. Rxb5 Bd6 23. Qe4 Ra7 24. Rcb1 f5 25. Qf3 Qxb5 26. Rc1 Qd5 27. e4 Qxe4 28. Qb3 Qd5 29. Qb6 Rb7 30. Qa6 Kf7 0-1

[Event "Manavgat Turkey Cup"]
[Site "Manavgat"]
[Date "2016.02.03"]
[Round "7"]
[White "Kocyigit, Buse Naz"]
[Black "Hatipli, Mehmet"]
[Result "0-1"]
[WhiteElo "1486"]
[BlackElo "1791"]
[PlyCount "65"]
[EventDate "2016.01.30"]
[EventType "swiss"]
[EventRounds "11"]
[EventCountry "TUR"]
[SourceTitle "CBM 170 Extra"]
[Source "ChessBase"]
[SourceDate "2016.02.25"]
[SourceVersion "1"]
[SourceVersionDate "2016.02.25"]
[SourceQuality "1"]

1. e4 c5 2. Nf3 d6 3. d4 cxd4 4. Nxd4 Nf6 5. Nc3 a6 6. Bd3 e5 7. Nb3 Be6 8. Bg5 Be7 9. Bxf6 Bxf6 10. Nd5 Bg5 11. 0-0 0-0 12. c4 Nc6 13. g3 Rc8 14. Kh1 Bh3 15. Rg1 f5 16. exf5 Bxf5 17. Bxf5 Rxf5 18. f4 exf4 19. gxf4 Bh6 20. Qg4 Qf8 21. Nd2 Re8 22. Rae1 Rxe1 23. Rxe1 g6 24. Re4 b5 25. b3 bxc4 26. bxc4 Qa8 27. Kg1 Bf8 28. Re6 Qa7+ 29. Kf1 Qf7 30. Re4 Ne5 31. Qe2 Nxc4 32. Qxc4 Qxd5 33. Qe2 0-1

[Event "Manavgat Turkey Cup"]
[Site "Manavgat"]
[Date "2016.01.31"]
[Round "3"]
[White "Buke, Furkan"]
[Black "Hatipli, Mehmet"]
[Result "0-1"]
[WhiteElo "1523"]
[BlackElo "1791"]
[PlyCount "60"]
[EventDate "2016.01.30"]
[EventType "swiss"]
[EventRounds "11"]
[EventCountry "TUR"]
[SourceTitle "CBM 170 Extra"]
[Source "ChessBase"]
[SourceDate "2016.02.25"]
[SourceVersion "1"]
[SourceVersionDate "2016.02.25"]
[SourceQuality "1"]

1. e4 c5 2. d4 cxd4 3. c3 d3 4. c4 d6 5. Nf3 Nf6 6. Bxd3 Nc6 7. 0-0 g6 8. Qe2 Bg7 9. Nc3 Bg4 10. h3 Nd4 11. Qe3 Nxf3+ 12. gxf3 Bxh3 13. Rd1 0-0 14. f4 Qc8 15. f5 Bg4 16. f3 Bh5 17. Qf2 e6 18. Bf4 Ne8 19. Kg2 gxf5 20. exf5 exf5 21. Rh1 Bg6 22. Nd5 Qd8 23. Rh3 Nc7 24. Nxc7 Qxc7 25. Rah1 Qc5 26. Qg3 Qd4 27. Be2 Rfe8 28. Re1 Qxb2 29. Kf1 Bc3 30. Rxh7 Bxe1 0-1

[Event "Manavgat Turkey Cup"]
[Site "Manavgat"]
[Date "2015.02.03"]
[Round "5"]
[White "Guven, Oguz Kagan"]
[Black "Hatipli, Mehmet"]
[Result "1-0"]
[WhiteElo "1763"]
[BlackElo "1821"]
[PlyCount "110"]
[EventDate "2015.01.31"]
[EventType "swiss"]
[EventRounds "11"]
[EventCountry "TUR"]
[SourceTitle "CBM 164 Extra"]
[Source "ChessBase"]
[SourceDate "2015.03.02"]
[SourceVersion "1"]
[SourceVersionDate "2015.03.02"]
[SourceQuality "1"]

1. e4 c5 2. Nc3 e6 3. g3 d5 4. d3 d4 5. Nce2 e5 6. f4 Nc6 7. Nf3 Bd6 8. Bg2 Nf6 9. 0-0 Ng4 10. c3 c4 11. h3 cxd3 12. Qxd3 dxc3 13. Qxc3 Qb6+ 14. Kh1 Nf2+ 15. Kh2 Nxe4 16. Qd3 f5 17. fxe5 Bc5 18. Nf4 Nb4 19. Qb3 g5 20. Nh5 Qg6 21. Nf6+ Nxf6 22. exf6 h6 23. Qc3 0-0 24. Qxc5 Nc6 25. Ne5 Nxe5 26. Qxe5 Rxf6 27. Bd2 Bd7 28. Bc3 Raf8 29. Bd5+ Be6 30. Rae1 Bxd5 31. Qxd5+ R6f7 32. Re6 Qh5 33. Qe5 Rh7 34. Re7 Rxe7 35. Qxe7 Qg6 36. Re1 f4 37. Qe6+ Qxe6 38. Rxe6 fxg3+ 39. Kxg3 Kh7 40. Re7+ Kg6 41. Rxb7 h5 42. Rg7+ Kf5 43. Rxa7 Rd8 44. Rf7+ Ke4 45. a4 Rd3+ 46. Kg2 g4 47. hxg4 hxg4 48. a5 Rd6 49. Rf6 Rd7 50. a6 Kd3 51. Kg3 Kc4 52. Kxg4 Kb5 53. Kf4 Ra7 54. Bd4 Rxa6 55. Rxa6 Kxa6 1-0

[Event "Manavgat Turkey Cup"]
[Site "Manavgat"]
[Date "2015.02.02"]
[Round "4"]
[White "Hatipli, Mehmet"]
[Black "Ersoy, Emre"]
[Result "1-0"]
[WhiteElo "1821"]
[BlackElo "1656"]
[PlyCount "75"]
[EventDate "2015.01.31"]
[EventType "swiss"]
[EventRounds "11"]
[EventCountry "TUR"]
[SourceTitle "CBM 164 Extra"]
[Source "ChessBase"]
[SourceDate "2015.03.02"]
[SourceVersion "1"]
[SourceVersionDate "2015.03.02"]
[SourceQuality "1"]

1. Nf3 e6 2. g3 b6 3. Bg2 Bb7 4. c4 Nf6 5. 0-0 c5 6. Nc3 h6 7. Re1 a6 8. e4 d6 9. d4 cxd4 10. Nxd4 Qc7 11. Qe2 Be7 12. Bd2 0-0 13. Kh1 Nbd7 14. f4 Nc5 15. f5 e5 16. Nc2 Rac8 17. b3 Nh7 18. h4 Nf6 19. Nb4 Kh7 20. g4 g6 21. g5 Nh5 22. Qf3 hxg5 23. hxg5 f6 24. Nbd5 Bxd5 25. Nxd5 Qd8 26. fxg6+ Kxg6 27. Qf5+ Kg7 28. gxf6+ Nxf6 29. Rg1 Rh8+ 30. Bh3+ Kf8 31. Nxf6 Bxf6 32. Raf1 Nxe4 33. Rg6 Kf7 34. Qxe4 Rxh3+ 35. Kg2 Rh5 36. Bg5 d5 37. Rfxf6+ Ke8 38. Qxe5+ 1-0